000 00554nam a2200205 i 4500
001 147027
003 ES-MaACL
005 20230906201755.0
007 t|
008 070920s1952 sp ||||1| spa d
100 1 _aDarkness, R. J.
_942731
245 1 0 _aLibro del reparador /
_cR. de Darkness (seud.).
250 _a1ª ed.
260 _aBarcelona :
_bBruguera,
_c1952.
300 _a200 p. :
_bil. ;
_c20 cm.
490 1 _aTécnica al día
830 0 _aTécnica al día
_9187437
852 _aES-MaACL
_jD-8868
_bR.34025
999 _c147027
_d147027